Úrazy a záchranné akcie v septembri a októbri

Podrobná bibliografia
Médium: Článok
Jazyk:slovenčina
Predmet:

MARC

LEADER 00000nab a2200000 ar4500
001 vtls009279819
003 SK-MaSNL
005 20260305020315.0
008 180907c2007 xo wr|p|||||||000 b|slo
015 |a SNBRB2007/05 
038 |a PPPKCL 
040 |a PPPKCL  |b slo  |c PPPK  |e AACR2 
041 0 |a slo 
044 |a xo  |c SK 
080 |a 614.8.02/.06  |2 1997 
080 |a 614.82  |2 1997 
080 |a 614.88  |2 1997 
245 0 0 |a Úrazy a záchranné akcie v septembri a októbri  |c [autor] -ate, hzs- 
610 1 7 |a Horská záchranná služba (Vysoké Tatry, Slovensko)  |2 pppkcl  |9 55573 
648 7 |a 2006  |2 SNK  |9 313148 
650 0 7 |a horská záchranná služba  |2 SNKPH  |9 84848 
650 0 7 |a úrazy  |2 SNKPH  |9 123733 
651 7 |a Vysoké Tatry (Poľsko a Slovensko : pohorie)  |2 SNKPHgeo  |9 67729 
773 0 |t Tatry  |g Roč. XXXXVI, č. 1 (2007), s. 26-27 
852 |a PPPK  |b KIS3GCP 
999 |c 3280045  |d 3281975